Personalmanagement, Führung, Organisation
Na minha lista:
| Outros Autores: | , |
|---|---|
| Formato: | Livro |
| Idioma: | alemão |
| Publicado em: |
Wien
LINDE Verlag
2002
|
| Edição: | 3. völlig neu bearb. Aufl. |
| Assuntos: | |
| Tags: |
Sem tags, seja o primeiro a adicionar uma tag!
|
MARC
| LEADER | 00000nam$a2200000$$$4500 | ||
|---|---|---|---|
| 001 | 0090166 | ||
| 005 | 20240104132958.9 | ||
| 020 | |a 3-7073-0430-2 | ||
| 041 | 0 | |a ger | |
| 044 | |a AT | ||
| 245 | 1 | 0 | |a Personalmanagement, Führung, Organisation |c herausgegeben von: Helmut Kasper, Wolfgang Mayrhofer |
| 250 | |a 3. völlig neu bearb. Aufl. | ||
| 264 | 1 | |a Wien |b LINDE Verlag |c 2002 | |
| 300 | |a 648 s. | ||
| 610 | 2 | 0 | |a riadenie personálne |
| 610 | 2 | 0 | |a podnik |
| 610 | 2 | 0 | |a organizácia |
| 610 | 2 | 0 | |a formy organizácií |
| 610 | 2 | 0 | |a kultúra podniková |
| 610 | 2 | 0 | |a učiaca sa organizácia |
| 610 | 2 | 0 | |a teória riadenia |
| 610 | 2 | 0 | |a komunikácia |
| 610 | 2 | 0 | |a motivácia pracovná |
| 610 | 2 | 0 | |a práca tímová |
| 610 | 2 | 0 | |a skupiny pracovné |
| 610 | 2 | 0 | |a výber pracovníkov |
| 610 | 2 | 0 | |a personál |
| 700 | 1 | |a Kasper, Helmut | |
| 700 | 1 | |a Mayrhofer, Wolfgang | |